000 00875nam a2200289 i 4500
001 129128
003 ES-MaACL
005 20250918063036.0
007 t|
008 070606s1974 sp ||||1| spa d
080 _a572.1
080 _a113
080 _a572.12
100 1 _aTeilhard de Chardin, Pierre,
_d1881-1955
_9109521
245 1 3 _aEl fenómeno humano /
_cPierre Teilhard de Chardin ; traducción, prólogo y notas de M. Crusafont Pairó.
250 _a[6ª ed.].
260 _a[Madrid] :
_bTaurus,
_c[1974]
300 _a383 p. ;
_c21 cm.
490 1 _aEnsayistas
650 1 4 _aCosmología.
_911389
650 7 _aAntropología filosófica
_2embne
_99891
650 4 _aEvolución humana.
_912627
700 1 _aCrusafont Pairó, M.
_941772
830 0 _aEnsayistas
_9177257
852 _aES-MaACL
_jE-6539
_bR.91016
999 _c129128
_d129128